000
00251nam a22001097a 4500
082
_a
574.192 CHA'P
100
_a
CHASE, G.D
_9
59687
245
_a
PRINCIPLES OF RADIOISOTOPE METHODOLOGY
260
_a
usa
_b
BURGESS
_c
1959
300
_a
286P
942
_c
BK
999
_c
569605
_d
569605